| 000 | 00525ntaaa2200205 4500 | ||
|---|---|---|---|
| 003 | 01 | ||
| 005 | 20251027201616.0 | ||
| 008 | 0714s1973 ag 01 | ||
| 020 | _a084075051X | ||
| 040 |
_aAR-BaBN _bspa _cAR-BaBN _eaacr _dRIC |
||
| 082 | _a176.8000 D78p | ||
| 100 | _aDrakeford, John W | ||
| 245 | _aPornography: the sexual mirage | ||
| 250 | _a1 ed. | ||
| 260 |
_aNashville : _bThomas Nelson, _cc1973 |
||
| 300 |
_a189 p. ; _cil.; 20,5 cm |
||
| 650 |
_aPornografía _914783 |
||
| 700 |
_aHamm, Jack _914784 |
||
| 942 | _cBK | ||
| 999 |
_c10692 _d10692 |
||